Gas exchanges and growth of maize as affected by aeration porosity and soil compaction (Registro n. 86580)
[ somente texto ]
| 000 -LÍDER | |
|---|---|
| fixed length control field | 04534nab a2200325 i 4500 |
| 003 - CÓDIGO MARC DA AGÊNCIA CATALOGADORA | |
| Campo de controle | BR-BrBNA |
| 005 - DATA E HORA DA ÚLTIMA ATUALIZAÇÃO | |
| Campo de controle | 20231026151154.0 |
| 008 - CAMPO DE TAMANHO FIXO | |
| fixed length control field | 231026b2020 bl.qr|pooa||| 00| 0 eng | |
| 040 ## - FONTE DA CATALOGAÇÃO | |
| Agência catalogadora | BR-BrBNA |
| Idioma da catalogação | eng |
| 072 ## - CATEGORIA AGRIS | |
| Código AGRIS | P33 |
| Código do objeto | 0120 |
| 100 ## - ENTRADA PRINCIPAL - NOME PESSOAL | |
| Nome pessoal | Silva, Francisca Gleiciane da |
| 100 ## - ENTRADA PRINCIPAL - NOME PESSOAL | |
| Nome pessoal | Assis Junior, Raimundo Nonato de |
| 100 ## - ENTRADA PRINCIPAL - NOME PESSOAL | |
| Nome pessoal | Mesquita, Rosilene Oliveira |
| 100 ## - ENTRADA PRINCIPAL - NOME PESSOAL | |
| Nome pessoal | Marques, Edilaine da Silva |
| 100 ## - ENTRADA PRINCIPAL - NOME PESSOAL | |
| Nome pessoal | Mota, Jaedson Cláudio Anunciato |
| 245 ## - TÍTULO PRINCIPAL | |
| Título principal | Gas exchanges and growth of maize as affected by aeration porosity and soil compaction |
| 500 ## - NOTA GERAL | |
| Nota geral | <br/>Publicação on-line; 30 ref.; 4 tables; Summaries (En, Pt) |
| 942 ## - ADDED ENTRY ELEMENTS (KOHA) | |
| Koha item type | |
| 520 ## - NOTA DE RESUMO | |
| Nota de conteúdo | <br/><br/>ABSTRACT - Based on the hypothesis that less than 10% aeration porosity is sufficient to ensure plant development, the<br/>objective of this study was to evaluate the effect of levels of aeration porosity and soil density on the gas exchange and growth<br/>of maize plants. The experiment was conducted in a greenhouse, in randomized blocks in a 2 × 5 factorial arrangement: two<br/>densities (1.6 and 1.7 Mg m-3) and five aeration porosities (0.07, 0.08, 0.09, 0.10 and 0.12 m3 m-3), with five replicates. The<br/>interaction between the factors did not have an effect on the analyzed variables. Aeration porosity had a significant effect on<br/>photosynthesis, stomatal conductance, relative chlorophyll index (SPAD), plant height and biomass production, whose data<br/>were fitted by quadratic models. The highest aeration porosity reduced conductance by 11%, followed by 7% reduction in<br/>photosynthesis and 6.4% in SPAD. Aeration porosities lower than 0.10 m3 m-3 did not cause significant reduction in the values<br/>of gas exchange and growth of maize. At soil density of 1.7 Mg m-3, photosynthesis, SPAD, chlorophyll b, total chlorophyll and<br/>carotenoids were higher, but with no increments in biomass and leaf area. It is concluded that aeration porosities greater than<br/>0.10 m3 m-3 are more limiting to plants due to changes in soil attributes, such as penetration resistance and water content. The<br/>highest contents of chlorophyll b and carotenoids at the highest density are acclimatization responses to the stress condition.<br/><br/><br/>Key words: Soil aeration. Physical quality. Ecophysiology. Zea mays L.<br/><br/> |
| 520 ## - NOTA DE RESUMO | |
| Nota de conteúdo | <br/><br/><br/>RESUMO - Partindo da hipótese de que menos de 10% de porosidade de aeração são suficientes para garantir o<br/>desenvolvimento das plantas, o objetivo deste estudo foi avaliar o efeito de níveis de porosidades de aeração e densidade<br/>do solo nas trocas gasosas e no crescimento em plantas de milho. O experimento foi conduzido em casa de vegetação, em<br/>blocos aleatorizados no arranjo fatorial (2 × 5): duas densidades (1.6 e 1.7 Mg m-3) e cinco porosidades de aeração (0.07,<br/>0.08, 0.09, 0.10 e 0.12 m3 m-3), com cinco repetições. A interação entre os fatores não causou efeito nas variáveis analisadas.<br/>Houve efeito significativo da porosidade de aeração na fotossíntese, condutância estomática, índice relativo de clorofilas<br/>(SPAD), altura de plantas e produção de biomassa, com ajustes ao modelo quadrático. A maior porosidade de aeração<br/>reduziu a condutância em 11%, seguido de 7% de redução na fotossíntese e 6.4% no SPAD. Porosidades de aeração menores<br/>que 0.10 m3 m-3, não causaram expressiva redução nos valores de trocas gasosas e crescimento do milho. Na densidade do<br/>solo de 1.7 Mg m-3 a fotossíntese, SPAD, clorofila b, total e de carotenoides foram maiores, mas sem incremento na biomassa<br/>e área foliar. Conclui-se que porosidades de aeração maiores que 0.10 m3 m-3 são mais limitantes às plantas em decorrência de<br/>modificações nos atributos do solo, como a resistência à penetração e o conteúdo de água. Os maiores teores de clorofila b e<br/>carotenoides na maior densidade são repostas de aclimatação à condição de estresse.<br/><br/><br/>Palavras-chave: Aeração do solo. Qualidade física. Ecofisiologia. Zea mays L..<br/> |
| 650 ## - ASSUNTO - THESAGRO | |
| Cabeçalho tópico ou nome geográfico | MILHO |
| 650 ## - ASSUNTO - THESAGRO | |
| Cabeçalho tópico ou nome geográfico | ANÁLISE DO SOLO |
| 650 ## - ASSUNTO - THESAGRO | |
| Cabeçalho tópico ou nome geográfico | POROSIDADE |
| 650 ## - ASSUNTO - THESAGRO | |
| Cabeçalho tópico ou nome geográfico | AERAÇÃO DO SOLO |
| 650 ## - ASSUNTO - THESAGRO | |
| Cabeçalho tópico ou nome geográfico | TROCA GASOSA |
| 650 ## - ASSUNTO - THESAGRO | |
| Cabeçalho tópico ou nome geográfico | CRESCIMENTO |
| 773 0# - ENTRADA ANALÍTICA | |
| Host Biblionumber | 4290 |
| Registro do item | 25562 |
| Imprenta | Fortaleza-CE Universidade Federal do Ceará. Centro de Ciências Agrárias 2002 |
| Outro identificador | 2023-436128 |
| Título | Revista Ciência Agronômica (Brazil) |
| ISSN | 0045-6888; 1806-6690 (on-line) |
| Colação | v. 51(3) p. 1-9; (2020) |
| Número de controle de registro | BR2023001130 |
| 856 ## - ACESSO E ENDEREÇO ELETRÔNICO | |
| Identificador uniforme de recurso - URI | https://www.scielo.br/j/rca/a/rhRQWndsn94CVrKLXX5hpbR/?format=pdf&lang=en |
Nenhum exemplar disponível.

BINAGRI